Premier League Players By Letter - N - Statistics

General Stats
  • This quiz has been taken 306 times
  • The average score is 5 of 9
Answer Stats
First Name Surname Club % Correct
Samir Nasri Manchester City
93%
Jesus Navas Manchester City
86%
Mark Noble West Ham
79%
Steven Naismith Everton
65%
Kyle Naughton Swansea City
53%
Charles N'Zogbia Aston Villa
41%
Clinton Njie Tottenham Hotspur
29%
Allan Nyom Watford
16%
Kristoffer Nordfeldt Swansea City
8%
No matching quizzes found
Score Distribution
Percent of People with Each Score
Percentile by Number Answered
Your Score History
You have not taken this quiz